00893nam a22002057a 450000500170000000700150001700800410003202000220007303500100009504000090010510000190011424500790013325600240021226000270023630000280026350602700029165000470056174000380060885600410064620240305165629.0cr|||| |||| 220323s2019 br |||||s|||| 00||0 por d a978-85-301-0009-4 a35974 avLex1 aPretti, Gleibe10aAdvocacia Trabalhista Preventivah[Recurso electrónico] /cGleibe Pretti aServicio en línea aSan Pablo:bLTR,c2019 a1 recurso electrónico1 aDisponible solo en los productos indicadosdvLex GlobaldvLex Global (Academic Edition, excluding Law Schools)dvLex Global (U.S. Academic Edition, Law Schools)dvLex Global (U.S. Academic Edition, excluding Law Schools)dvLex Global (Academic Edition, Law Schools)04aDerecho Laboral y Seguridad SocialzBrasil0 avLex Libros (Servicio en línea)40uhttps://app.vlex.com/#/sources/35974